000 00341nam a2200133 i 4500
001 bg
100 1 _aKącki, Edward
_d(1925- ).
245 1 0 _aRównania różniczkowe, cząstkowe w elektronice /
_cEdward Kącki.
260 _aWarszawa,
_c1971.
040 _cBPK
041 _apol
942 _cKS
008 950505s1971 pl f |000 0 pol
999 _c13881
_d13881
856 _uhttp://koha.tu.koszalin.pl/cgi-bin/koha/opac-detail.pl?biblionumber=13881
_yKatalog online BPK